Hemingway : (Record no. 18376)
[ view plain ]
| 000 -LEADER | |
|---|---|
| fixed length control field | 00836nam a2200277 a 4500 |
| 001 - CONTROL NUMBER | |
| control field | 18376 |
| 003 - CONTROL NUMBER IDENTIFIER | |
| rucl marc code | BD-RjUL |
| 005 - DATE AND TIME OF LATEST TRANSACTION | |
| control field | 20211209000257.0 |
| 008 - FIXED-LENGTH DATA ELEMENTS--GENERAL INFORMATION | |
| fixed length control field | 161107r19661963nju b 00100 eng |
| 035 ## - SYSTEM CONTROL NUMBER | |
| System control number | (BD-RjUL)18434 |
| System control number | (BD-RjUL) |
| System control number | 1017145 |
| 040 ## - CATALOGING SOURCE | |
| Original cataloging agency | BD-RjUL |
| Language of cataloging | eng |
| Transcribing agency | BD-RjUL |
| 041 ## - LANGUAGE CODE | |
| Language code of text/sound track or separate title | eng |
| 082 0# - DEWEY DECIMAL CLASSIFICATION NUMBER | |
| Classification number | 813 |
| Edition number | 23 |
| Author mark and year | BAH 1966 |
| 100 1# - MAIN ENTRY--PERSONAL NAME | |
| Personal name | Baker, Carlos, |
| Dates associated with a name | 1909-1987. |
| 9 (RLIN) | 56592 |
| 245 10 - TITLE STATEMENT | |
| Title | Hemingway : |
| Remainder of title | the writer as artist / |
| Statement of responsibility, etc. | Carlos Baker. |
| 250 ## - EDITION STATEMENT | |
| Edition statement | 3rd ed. |
| 260 ## - PUBLICATION, DISTRIBUTION, ETC. (IMPRINT) | |
| Place of publication, distribution, etc. | Princeton, N.J. : |
| Name of publisher, distributor, etc. | Princeton University Press, |
| Date of publication, distribution, etc. | 1963 [printed 1966] |
| 300 ## - PHYSICAL DESCRIPTION | |
| Pagination | xx, 379 p. : |
| Size | 23 cm. |
| 504 ## - BIBLIOGRAPHY, ETC. NOTE | |
| Bibliography, etc | Includes bibliographical references and index. |
| 600 10 - SUBJECT ADDED ENTRY--PERSONAL NAME | |
| Personal name | Hemingway, Ernest, |
| Dates associated with a name | 1899-1961. |
| 650 ## - SUBJECT ADDED ENTRY--TOPICAL TERM | |
| Topical term or geographic name as entry element | American Fictions |
| 9 (RLIN) | 148203 |
| 942 ## - ADDED ENTRY ELEMENTS (KOHA) | |
| Source of classification or shelving scheme | Dewey Decimal Classification |
| Koha item type | Books |
| Lost status | Source of classification or shelving scheme | Damaged status | Not for loan | Collection code | Permanent Location | Current Location | Shelving location | Date acquired | Source of acquisition | Cost, normal purchase price | Total Checkouts | Full call number | Date last seen | Copy number | Koha item type |
|---|---|---|---|---|---|---|---|---|---|---|---|---|---|---|---|
| Dewey Decimal Classification | Fiction | Central Library, University of Rajshahi | Central Library, University of Rajshahi | 04/11/1968 | Zeetlinger | 71.00 | 813 BAH 1966 | 07/11/2016 | C-2 | Books | |||||
| Dewey Decimal Classification | Not For Loan | Fiction | Central Library, University of Rajshahi | Central Library, University of Rajshahi | Reading Room | 01/05/1965 | Zeetlinger | 48.00 | 813 BAH 1963 | 29/01/2017 | C-1 | Books |